000 00462nam a2200169Ia 4500
999 _c39756
_d39756
003 GCL
005 20240530103456.0
008 140319s9999 xx 000 0 ara d
040 _aGCL /
_cGCL
082 0 4 _a808.83
_bم ع
100 1 _aموم , سومرست
245 1 0 _aعشر روايات خالدة /
_cسومرست موم ؛ سيد جاد
650 0 4 _aالادب
650 0 4 _aالادب - مجموعات
700 1 _aسيد جاد
942 _2ddc
_cBK